00579nam a2200169Ia 4500008004000000020001800040082001700058100001900075245003600094260003500130300001100165650001600176690001600192906001100208999001900219952017100238210210b2005 xxu||||| |||| 00| 0 eng d a81 219 2555 X a621.381 THEB aTHERAJA (B L). aBasic electronics: solid state. aN DbS. Chand & Co. Ltd.c2005 axx,715 aElectronics aElectronics a060511 c107421d107421 00102ddc40708ELEaALbALcSSSd2021-02-17eHigginbothams Pvt. Ltd., Mangalore 01g315.00l1o621.381 THEBp060511r2024-04-17 00:00:00s2024-01-11w2021-02-17yBK